000 00632nam a2200241Ia 4500
003 OSt
005 20221007082242.0
006 a|||||r|||| 00| 0
007 ta
008 221006b |||||||| |||| 00| 0 eng d
024 _a15,668
037 _cReports / Technical Reports
040 _aFLL
_cFLL
_beng
041 _2eng
_aeng
082 _aX62.2.N5t, J3
110 _aGovt. of India
245 0 _aReport of the rural banking enquiry committee
260 _c1953
300 _a214p
_ccm.
700 _aGovt. of India
942 _hX62.2.N5t, J3
_cREP
_2CC
999 _c1165832
_d1165832